Hagadah shel Pesaḥ Divre Yoʾel /

Saved in:
Bibliographic Details
Other Authors: Teitelbaum, Joel., Ashkenazi, Ephraim Joseph Dov.
Format: Book
Language:Hebrew
Published: Bruḳlin : Yerushalayim, 764, 2004.
Edition:Mahd. 6 ḥadashah u-metuḳenet.
Subjects:
Tags: Add Tag
No Tags, Be the first to tag this record!
LEADER 00915nam a22002537u 4500
001 009352423-4
005 20050206210025.0
008 850829s2004 nyu |||||||heb|d
035 0 |a ocm58401123 
130 0 |a Haggadah.  |f 2004. 
245 1 0 |a Hagadah shel Pesaḥ Divre Yoʾel /  |c me-et Yoʾel Ṭayṭelboym ... ṿe-niṿeh elaṿ kol seder hitnahaguto ... ; nisdar me-ḥadash ... ʻal yede ... Efrayim Yosef Dov Ashkenazi. 
250 |a Mahd. 6 ḥadashah u-metuḳenet. 
260 0 |a Bruḳlin :  |b Yerushalayim,  |c 764, 2004. 
300 |a 232 p. ;  |c 24 cm. 
600 1 0 |a Teitelbaum, Joel. 
650 0 |a Zaddikim  |x Biography. 
650 0 |a Satmar Hasidim. 
650 0 |a Haggadot  |x Commentaries. 
700 1 2 |a Teitelbaum, Joel.  |t Sheʾelot u-teshuvot Divre Yoʾel. 
740 0 |a Divre Yoʾel. 
700 1 |a Ashkenazi, Ephraim Joseph Dov. 
752 |a United States  |b New York  |d New York. 
988 |a 20040503 
906 |0 MH